000 00278nam a22001217a 4500
082 _a920
_bPRA/R
100 _aPRASAD,SHIVA
245 _aDR.S RADHAKRISHNAN
260 _aBANGALORE
_bVASAN BOOK DEPOT
300 _a48
650 _aABOUT DR.S RADHAKRISHNAN
_zBANGALORE
942 _cBK
999 _c5806
_d5806